LEADER 01177nam a22002891i 4500 001 991001076679707536 005 20040220111945.0 008 040318s1985 it |||||||||||||||||ita 020 $a8814004625 035 $ab12714471-39ule_inst 035 $aARCHE-069873$9ExL 040 $aDip.to Filosofia$bita$cA.t.i. Arché s.c.r.l. Pandora Sicilia s.r.l. 082 04$a348.4502 110 1 $aItalia$0423419 245 10$aCodice di procedura civile e leggi complementari :$bcon il commento della giurisprudenza della Cassazione /$cM. Battaglini, T. Novelli 250 $a7. ed. aggiornata con la giurisprudenza al 31 luglio 1984 e con la legislazione al 31 dicembre 1984 260 $aMilano :$bGiuffrè,$c1985 300 $aXII, 2879 p. ;$c20 cm 650 4$aCodice di procedura civile$zItalia 700 1 $aBattaglini, Mario 700 1 $aNovelli, Tommaso 907 $a.b12714471$b02-04-14$c31-03-04 912 $a991001076679707536 945 $aLE005 DIR IV A 8$g1$i2005000154577$lle005$o-$pE0.00$q-$rl$s- $t0$u0$v0$w0$x0$y.i13238231$z31-03-04 996 $aCodice di procedura civile$937316 997 $aUNISALENTO 998 $ale005$b31-03-04$cm$da $e-$fita$git $h0$i1 LEADER 02139nam 2200493I 450 001 9910794142103321 005 20200518093816.0 010 $a1-83982-622-3 010 $a1-83982-624-X 035 $a(CKB)4100000011135860 035 $a(MiAaPQ)EBC6183833 035 $a(UtOrBLW)9781839826245 035 $a(EXLCZ)994100000011135860 100 $a20200518d2020 uy 0 101 0 $aeng 135 $aurun||||||||| 181 $ctxt$2rdacontent 182 $cc$2rdamedia 183 $acr$2rdacarrier 200 14$aThe philosophy of transhumanism $ea critical analysis /$fBenjamin Ross (University of North Texas, USA) 210 1$aBingley, England :$cEmerald Publishing,$d[2020] 210 4$d©2020 215 $a1 online resource (236 pages) 225 1 $aEmerald points 300 $aIncludes index. 311 $a1-83982-625-8 320 $aIncludes bibliographical references. 327 $aRedesigning humans -- Engaging with transhumanism -- Living "forever" : transhumanism and mortality -- "Unlimited" intelligence and well-being -- The role of the philosopher in transhumanism -- Transhumanism and Buddhist philosophy : two approaches to suffering -- Conclusion : Contesting and considering. 330 $aTranshumanism is an international movement which anticipates humans developing posthuman capacities in the near future. This work provides an introduction to transhumanism and the ethical and philosophical issues raised by radical human enhancement. The book investigates these questions in a way that is timely and accessible to the non-specialist. 410 0$aEmerald points. 606 $aTranshumanism$xPhilosophy 606 $aPhilosophy, Mind & Body$2bisacsh 606 $aPhilosophy: metaphysics & ontology$2bicssc 615 0$aTranshumanism$xPhilosophy. 615 7$aPhilosophy, Mind & Body. 615 7$aPhilosophy: metaphysics & ontology. 676 $a144 700 $aRoss$b Benjamin$01518308 801 0$bUtOrBLW 801 1$bUtOrBLW 906 $aBOOK 912 $a9910794142103321 996 $aThe philosophy of transhumanism$93755796 997 $aUNINA